1933 1160 1402 1410 1240 1321 1902 1056 1449 1756 1547 1703 1201 1102 1982 1990 1342 1326 1242 1742 1242 1652 1722 1825 1002 1936 1744 1419 1481 1374 1916 1377 1513 1003 1440 1238 1808 1825 1599 1701 1229 1150 1275 1919 1089 1219 1655 1264 1298 1923 1012 1420 1051 1350 1895 1250 1688 1097 1971 1720 1308 1066 1534 1131 1597 1570 1215 1430 1235 1916 1833 1253 1567 1483 1366 1598 1141 1638 1995 1507 1823 1201 1067 1304 1413 1432 1386 1766 1035 1491 1452 1076 1754 1267 1482 1340 1852 1343 1173 BCNSPRNW ULIB Ver.6.0+V

เปลี่ยนเป็นภาษาไทย

Change to English
 แสดงรายละเอียดบรรณานุกรม
  กลับหน้าหลัก

Brief Record : Get Marc (ISO 2709) : E-mail record : QR code < ปิดหน้าต่าง
LEADER : 00000nam 2200000uu 4500
001    13399127515
003     ULIB
008    201207s2551||||th 000 0 tha d
020    ^a9749813677
020    ^a9789749813676
060 04 ^aWT120^bผ255ก
100 0  ^aผ่องพรรณ อรุณแสง
245 10 ^aการประเมินภาวะสุขภาพผู้ใหญ่และผู้สูงอายุสำหรับพยาบาล /^cผ่องพรรณ อรุณแสง
250    ^aพิมพ์ครั้งที่ 4
260    ^aกรุงเทพฯ :^bโรงพิมพ์คลังนานาวิทยา,^c2551
300    ^aก-ฐ, 232 หน้า :^bภาพประกอบ ;^c26 ซม.
650  7 ^aการตรวจร่างกาย
650  7 ^aผู้สูงอายุ^xสุขภาพและอนามัย^xการประเมิน
650  7 ^aผู้ใหญ่^xสุขภาพและอนามัย^xการประเมิน
945    ^p200^l0^i024038
995    ^aวิภา
999 ^a ใช้งานได้ทุกระบบ
รายการนี้ยังไม่มีแท็ก
คุณยังไม่ได้ล็อกอิน คุณสามารถมีกิจกรรมร่วมกับเว็บไซต์ได้ แต่ต้องล็อกอินก่อน ::
  ล็อกอิน

รายการสื่อสารสนเทศ

ลำดับที่ ประเภท เลขเรียก/บาร์โค้ด สถานที่ สถานะ
1. วิทยาศาสตร์การแพทย์ และสุขภาพ
วิทยาศาสตร์การแพทย์ และสุขภาพ
WT120 ผ255ก ฉ.6 
  Barcode: 024038
ห้องสมุดวิทยาเขตสวรรค์ประชารักษ์
►หนังสือทั่วไป
บนชั้น

รายการใกล้เคียง
    ผู้แต่ง [ผ่องพรรณ อรุณแสง]

    หัวเรื่อง [การตรวจร่างกาย]

BibComment


ยังไม่เคยถูกคอมเมนท์

คอมเมนท์ทรัพยากรรายการนี้
  คอมเมนท์: การประเมินภาวะสุ..


 Copyright 2026. Bcnsprnw @Library